[Event "XII Sabadell Open 2019"]
[Site "Sabadell"]
[Date "2019.09.02"]
[Round "1.11"]
[White "Valderrama Quiceno, Esteban Alb"]
[Black "Herrmann, Roman"]
[Result "1-0"]
[WhiteElo "2407"]
[BlackElo "2111"]
[Annotator "TA"]
[PlyCount "45"]
[EventDate "2019.09.01"]
[EventCountry "ESP"]
[SourceTitle "playchess.com"]
[Source "ChessBase"]
[SourceQuality "1"]

{[%evp 13,45,0,0,8,30,7,8,5,12,10,8,13,14,20,19,0,0,0,24,16,54,44,91,94,202,196,638,526,962,947,1991,1391,1359,1372]} 1. c4 e6 2. g3 d5 3. Bg2 Nf6 4. Nf3 Be7 5. O-O O-O 6. d4 dxc4 7. Qc2 b5 8. a4 {E05: Open Catalan: 5 Nf3 Be7} b4 9. Nfd2 ({Predecessor:} 9. Ne5 c6 {0-1 (30) Hercules,B (2123)-Mwali,C (2248) Centurion 2014}) 9... c6 10. Nxc4 {The position is equal.} Qxd4 11. Rd1 Qc5 12. Be3 $146 (12. b3 Ba6 13. Nbd2 Nbd7 14. Bb2 Rad8 15. e3 Qh5 {0-1 (38) Maghsoodloo,P (2688)-Nakamura,H (2746) St Petersburg 2018}) 12... Qh5 13. Nbd2 {[%cal Bb1d2,Bd2f1,Bf1e3][%mdl 32]} Ng4 14. Nf1 Nxe3 15. Nfxe3 Ba6 16. Rac1 Rc8 17. Bf3 Qg5 18. Nd6 $36 {[%mdl 2048] White is really pushing.} Rc7 (18... Rf8 $16 {might work better.}) 19. h4 $18 Qe5 $2 {[#]} (19... Qg6 20. Qc5 f5) 20. Nxf7 $1 {[%mdl 576] Deflection. White is clearly winning.} Kxf7 21. Qxh7 Bf8 22. Bh5+ Ke7 23. Qg6 {Accuracy: White = 73%, Black = 32%.} 1-0

[Event "XII Sabadell Open 2019"]
[Site "Sabadell"]
[Date "2019.09.02"]
[Round "1.12"]
[White "Asensio Linan, Teodoro"]
[Black "Umetsubo, Cesar Hidemitsu"]
[Result "0-1"]
[WhiteElo "2105"]
[BlackElo "2403"]
[Annotator "TA"]
[PlyCount "64"]
[EventDate "2019.09.01"]
[EventCountry "ESP"]
[SourceTitle "playchess.com"]
[Source "ChessBase"]
[SourceQuality "1"]

{[%evp 17,64,-26,-26,-43,-22,-42,-22,-22,-28,-28,-35,-39,-7,0,-8,-18,-15,-38,-48,-60,-68,-78,-81,-192,-199,-337,-334,-343,-340,-643,-633,-746,-759,-923,-906,-895,-879,-1632,-1668,-1934,-1733,-1913,-1905,-1818,-1656,-2072,-1970,-3439,-3266]} 1. e4 c5 2. Nf3 e6 3. d3 d5 4. Nbd2 Nc6 5. g3 Nf6 6. Bg2 Be7 7. O-O O-O 8. e5 Nd7 9. Re1 b5 {[%cal Bb7b5,Bb5b4,Bb4c3][%mdl 32]} 10. Nb3 {C00: French: Unusual White 2nd moves} (10. Nf1 Bb7 11. h4 Qc7 12. Bf4 Rfc8 13. Ne3 Qd8 14. Ng4 Bf8 15. Bg5 Qe8 16. c3 h6 17. Bf4 a5 18. Qd2 b4 19. c4 Ne7 20. h5 {1-0 (59) Kuzubov,Y (2699)-Grischuk,A (2772) Riadh 2017}) 10... a5 11. d4 c4 12. Nbd2 {The position is equal.} b4 $146 ({Predecessor:} 12... Ba6 13. a3 b4 14. c3 bxc3 15. bxc3 Na7 16. Qc2 Bb5 17. a4 Bc6 {0-1 (40) Smith,S-Jarosz,S USA 1998}) 13. Nf1 a4 14. a3 c3 15. bxc3 bxc3 16. h4 Ba6 $36 {[%mdl 2048] Black is more active.} 17. N1h2 Nb6 18. Bg5 Nc4 19. Bxe7 Qxe7 20. Ng5 (20. Qd3 $17) 20... h6 $19 21. Qh5 (21. Nh3 $142) 21... Nxd4 ({Less strong is} 21... hxg5 22. Nf3 $17) (21... Nxa3 22. Rxa3 Be2 23. Qxe2 $19) 22. Ng4 Nf5 ({Resist} 22... hxg5 23. hxg5 Rfc8 24. g6 $19) 23. Bxd5 $2 (23. Nf3) 23... exd5 {Black is clearly winning.} 24. Nh7 {[#] And now Nhf6+! would win.} Qe6 25. Nxh6+ gxh6 26. Nf6+ Kh8 27. f4 {[#]} Rg8 $1 {( -> ...Qb6+)} 28. Kh2 (28. Nxg8 Rxg8) 28... Rg6 29. Rg1 Rxf6 30. exf6 Qxf6 31. Rae1 Rg8 32. Rg2 Nce3 {Accuracy: White = 39%, Black = 72%.} 0-1

[Event "XII Sabadell Open 2019"]
[Site "Sabadell"]
[Date "2019.09.03"]
[Round "2.1"]
[White "Sturt, Raven"]
[Black "Vergara Jofre, Felipe"]
[Result "1-0"]
[WhiteElo "2478"]
[BlackElo "2343"]
[Annotator "TA"]
[PlyCount "59"]
[EventDate "2019.09.01"]
[EventCountry "ESP"]
[SourceTitle "playchess.com"]
[Source "ChessBase"]
[SourceQuality "1"]

{[%evp 13,59,0,0,0,0,0,0,0,-3,-10,-6,-23,-48,-35,-31,-30,-21,-10,-24,-30,-7,-13,0,-12,-16,0,-39,-32,0,0,0,0,0,0,0,0,25,0,0,0,0,0,525,354,29984,1000,29991,29992]} 1. d4 Nf6 2. c4 e6 3. Nc3 Bb4 4. Qc2 O-O 5. e4 d5 6. e5 Ne4 7. Bd3 c5 $1 {[%cal Rc5d4]} 8. Nf3 {E32: Nimzo-Indian: Classical (4 Qc2): 4...0-0} cxd4 9. Nxd4 Nd7 10. Bf4 {The position is equal.} Qh4 11. g3 Qh5 12. h4 Nxe5 13. Be2 $1 {[%cal Re2h5]} Ng4 14. Bxg4 $1 Qxg4 15. f3 Qh5 {[#] ...e5 is the strong threat.} 16. g4 $146 Qg6 17. fxe4 {Black must now prevent 0-0-0.} e5 $1 {[%cal Re5d4]} 18. O-O-O Bxc3 $1 19. Nf5 $1 {[%cal Rf5e7]} Bxf5 20. gxf5 Qg4 21. Be3 $1 {Strongly threatening Rhg1.} Bd4 22. Bxd4 exd4 23. exd5 Rac8 $1 24. Kb1 $36 {[%mdl 2048] White is pushing.} b5 25. f6 {And now Rdg1 would win.} g6 26. h5 {Threatens to win with hxg6.} Rxc4 27. Qd3 Re8 $2 {[%mdl 8192]} (27... Qg5 $11 {and Black has nothing to worry.}) 28. hxg6 hxg6 $2 (28... fxg6 $18 29. f7+ Kxf7) 29. d6 (29. Rdg1 $142 Qe4 30. Qxe4 Rxe4 31. d6 Rc8 32. d7 Rd8 33. Rc1 Re5 {[#]} 34. Rc8 $1 {[%mdl 512]}) 29... Re3 {[#]} 30. d7 $1 {[%mdl 512] Accuracy: White = 71%, Black = 61%.} 1-0

[Event "XII Sabadell Open 2019"]
[Site "Sabadell"]
[Date "2019.09.03"]
[Round "2.2"]
[White "Oliva Castaneda, Kevel"]
[Black "Gomez Jurado, Luis Alberto"]
[Result "1-0"]
[WhiteElo "2470"]
[BlackElo "2307"]
[Annotator "TA"]
[PlyCount "85"]
[EventDate "2019.09.01"]
[EventCountry "ESP"]
[SourceTitle "playchess.com"]
[Source "ChessBase"]
[SourceQuality "1"]

{[%evp 16,85,23,20,21,-6,-12,-22,-2,-17,-4,-15,0,0,0,0,2,-18,-24,-19,0,0,0,-16,-22,-18,83,81,83,72,158,65,100,102,102,102,102,97,97,110,102,81,145,145,222,222,222,222,222,222,222,222,222,222,222,222,222,222,222,222,216,202,202,202,405,383,432,430,666,666,601,587]} 1. Nf3 d5 2. c4 e6 3. g3 Nf6 4. Bg2 Be7 5. O-O O-O 6. b3 a5 7. Nc3 c6 8. d4 b6 9. Bb2 Ba6 {A14: English Opening: 1...e6 with b3 by White} 10. Qd3 b5 $146 ({Predecessor:} 10... Nbd7 11. Rfd1 a4 12. Nxa4 b5 13. Nc3 bxc4 14. Qc2 cxb3 15. axb3 Qb8 16. Ra2 Rc8 17. Rda1 {½-½ (77) Echeguren,G (2566)-Heimbrodt,W (2497) ICCF corr 1999}) 11. Nd2 bxc4 {The position is equal.} 12. bxc4 dxc4 13. Nxc4 Nd5 14. Na4 Nd7 15. Qc2 Nb4 16. Qb3 Rb8 17. a3 Nd5 18. Qc2 c5 {White must now prevent ...Rc8.} 19. dxc5 (19. Bxd5 {feels hotter.} exd5 20. Ne3 Rc8 21. Qd1 Re8 22. Nxd5 cxd4 23. Nxe7+ Qxe7 24. Qxd4 Nf6 25. Rfe1) 19... Nxc5 20. Nxc5 Bxc4 (20... Bxc5 $11 {keeps the balance.} 21. Be4 Bxc4 22. Qxc4 Rxb2 23. Qxc5 Rxe2) 21. Bxg7 $16 ({Much weaker is} 21. Qxc4 $6 Rxb2 22. Rfd1 Bxc5 $11) 21... Kxg7 22. Qxc4 Kh8 ({Black should try} 22... Rc8) 23. Nd3 (23. Bxd5 $1 $16 {And now Bc6 would win.} exd5 24. Qd3) 23... Bf6 {[#]} 24. Rac1 $1 Rc8 25. Qxc8 Qxc8 26. Rxc8 Rxc8 27. Bxd5 $1 exd5 28. Rc1 Rxc1+ (28... Rc4 $142) 29. Nxc1 {[%mdl 4096] Endgame KB-KN} a4 (29... Bb2 $16 {was called for.}) 30. Nd3 $18 Be7 {[#]} 31. Nb2 $1 Bxa3 32. Nxa4 Kg7 33. Nb6 d4 34. Kg2 f5 35. Kf3 Kf6 36. Nd5+ Ke5 37. Nf4 Bd6 38. Nd3+ Kd5 39. h3 Kc4 $2 (39... Ke6 40. g4 Kf6) 40. Nf4 Kc3 {intending ...Bxf4.} 41. Ne6 {White is clearly winning.} Be5 (41... Kc4 $142 42. Ng7 Kd5 43. Nxf5 Bb4) 42. Ng5 h5 43. Nf7 {Accuracy: White = 72%, Black = 36%.} 1-0

[Event "XII Sabadell Open 2019"]
[Site "Sabadell"]
[Date "2019.09.03"]
[Round "2.3"]
[White "Quesada Vera, Liordis"]
[Black "Arenas, David"]
[Result "1/2-1/2"]
[WhiteElo "2389"]
[BlackElo "2454"]
[Annotator "TA"]
[PlyCount "83"]
[EventDate "2019.09.01"]
[EventCountry "ESP"]
[SourceTitle "playchess.com"]
[Source "ChessBase"]
[SourceQuality "1"]

{[%evp 9,83,8,16,14,12,12,24,0,0,-30,0,0,0,-14,-15,-29,14,23,96,93,106,93,106,112,119,119,115,87,133,139,129,160,254,233,229,229,213,105,91,99,112,96,95,61,83,77,121,97,97,14,18,0,0,0,0,0,0,0,0,0,0,0,0,0,0,0,0,0,0,0,0,0,0,0,0,0]} 1. Nf3 d5 2. d4 Nf6 3. g3 e6 4. Bg2 Nbd7 5. O-O Be7 6. b3 {D02: 1 d4 d5 2 Nf3 sidelines, including 2...Nf6 3 g3 and 2...Nf6 3 Bf4} (6. c4 dxc4 7. Nbd2 Nb6 8. Nxc4 Nxc4 9. Qa4+ Bd7 10. Qxc4 Bc6 11. Bf4 O-O 12. Rfd1 Bd6 13. Bg5 h6 14. Bxf6 Qxf6 15. Nd2 Bxg2 16. Kxg2 {½-½ (50) Malakhov,V (2713)-Riazantsev,A (2712) Eilat 2012}) 6... b5 7. Qd3 $146 ({Predecessor:} 7. c4 c6 8. Qc2 O-O 9. Nbd2 bxc4 10. bxc4 Ba6 11. Re1 Bb4 12. Rb1 Ba5 13. Ba3 Re8 14. Rec1 Rc8 15. Qa4 dxc4 16. Nxc4 Bxc4 17. Qxc4 Bb6 18. Rc2 h6 19. e3 {1-0 (47) Valdes,L (2407)-Mekhitarian,K (2542) Medellin 2017}) 7... Rb8 {[%cal Ba8b8,Bb8b6,Bb6a6][%mdl 32]} 8. Bf4 {White has an edge.} O-O 9. Ne5 Rb6 10. a4 b4 11. a5 Ra6 $1 12. c4 bxc3 13. Qxc3 {Black must now prevent Nc6.} c5 (13... Nxe5 $1 $11 14. dxe5 Nd7) 14. dxc5 $16 Nxc5 15. Nd2 Nfd7 16. b4 $36 {[%cal Bb3b4,Bb4b5][%mdl 2080] White has strong initiative.} g5 17. Be3 {[%cal Re3c5]} (17. bxc5 $6 gxf4 18. gxf4 Nxe5 $11) 17... Nxe5 18. Bxc5 (18. bxc5 Nc6 $15) 18... Qc7 19. Nb3 Nd7 20. b5 Bxc5 {[#]} (20... Nxc5 $16 21. bxa6 Bxa6) 21. Rfc1 $1 $18 ({Less strong is} 21. Nxc5 Qxc5 22. Qb2 (22. Qxc5 Nxc5 23. bxa6 Bxa6 $14) 22... Qe7 $16) 21... Rd6 22. Nxc5 Nxc5 23. Qxc5 (23. Qe3 $18) 23... Qxc5 $16 24. Rxc5 Bd7 25. e4 dxe4 26. Rxg5+ Kh8 27. Rc5 Rb8 28. Bf1 ({Resist} 28. Bxe4 Rxb5 29. Rc7 a6 $11) 28... Kg7 29. Rb1 (29. a6 $16) 29... Rd5 $1 $11 {[%cal Rd5c5] The position is equal.} 30. Rc7 Bxb5 31. Rxa7 Bxf1 $1 32. Rxb8 {[%mdl 4096] Endgame KRR-KRB} Rd1 {[%cal Rf1h3] [#]} 33. h4 Be2+ 34. Kh2 {And now Rbb7 would win.} Bf3 $1 {[%csl Gf3][%cal Rd1h1]} 35. g4 $1 e5 36. h5 Rh1+ 37. Kg3 {Rb6 is the strong threat.} Rg1+ 38. Kh4 {Threatens to win with Rb6.} h6 39. Rbb7 Rh1+ 40. Kg3 Rg1+ 41. Kh2 Rh1+ 42. Kg3 {Accuracy: White = 58%, Black = 71%.} 1/2-1/2

[Event "XII Sabadell Open 2019"]
[Site "Sabadell"]
[Date "2019.09.03"]
[Round "2.4"]
[White "Diaz Camallonga, Carles"]
[Black "Ortega Serra, Marc"]
[Result "1-0"]
[WhiteElo "2440"]
[BlackElo "2297"]
[Annotator "TA"]
[PlyCount "53"]
[EventDate "2019.09.01"]
[EventCountry "ESP"]
[SourceTitle "playchess.com"]
[Source "ChessBase"]
[SourceQuality "1"]

{[%evp 11,53,0,0,0,0,0,14,7,79,80,98,94,99,83,89,89,100,110,299,283,414,415,518,410,595,412,450,378,641,629,630,491,487,487,487,498,495,496,474,412,647,642,626,611]} 1. e4 e6 2. d4 d5 3. Nc3 Nf6 4. Bg5 Bb4 5. e5 h6 6. Bc1 Ne4 7. Qg4 {C12: French: Classical System: McCutcheon Variation} Kf8 {...c5 is the strong threat.} ({Don't play} 7... Nxc3 $6 8. Qxg7 Kd7 9. Bd2 $16) 8. Nge2 c5 {aiming for ...cxd4.} 9. a3 $1 {[%cal Ba2a3,Ba3b4][%mdl 32] The position is equal.} Qa5 (9... Bxc3+ $11 {keeps the balance.} 10. Nxc3 Nxc3 11. bxc3 Qa5) (9... h5 10. Qf4 Ba5 11. dxc5 Nxc3 12. Nxc3 Bxc3+ 13. bxc3 Qa5 14. Bd2 Nc6 {0-1 (53) Naiditsch,A (2702)-Buhmann,R (2564) Germany 2018}) 10. axb4 $16 Qxa1 {[#]} 11. Nxd5 $1 {[%mdl 576] Pin} Nc6 {[#]} (11... exd5 12. Qxc8+) 12. Nc7 $1 $40 {[%mdl 128] White attacks with force.} f5 {[#]} 13. exf6 $1 Nxf6 14. Qf4 $146 ({Predecessor:} 14. Qg3 Nxd4 {1-0 (34) Svensson,L (2072)-Renman,N (2352) Radebeul 2016}) 14... Ke7 $2 (14... Rb8 $16) 15. Nxa8 $18 Nd5 (15... cxb4 {is a better defense.} 16. Nc7 Rd8) 16. Qg3 Rf8 17. bxc5 g5 (17... Kf7 $142 18. c3 e5 19. Qf3+ {[%mdl 64] Double Attack} Nf6) 18. c3 {Black must now prevent h4.} Na5 19. Qd3 Nf4 $2 (19... Bd7 20. Qh7+ {[%mdl 64] Double Attack} Ke8) 20. Qd1 Bd7 {Strongly threatening ...Ba4.} 21. Bxf4 Qxd1+ 22. Kxd1 Ba4+ 23. Ke1 gxf4 24. Nc7 Kd7 25. g3 ({Don't take} 25. b4 Nb3 $18) 25... Bc6 {[#]} (25... Kxc7 $142 26. Nxf4 Re8) 26. d5 $1 exd5 (26... Bxd5 27. Nxd5) 27. Nd4 1-0

[Event "XII Sabadell Open 2019"]
[Site "Sabadell"]
[Date "2019.09.03"]
[Round "2.5"]
[White "Garcia Ramos, Daniel"]
[Black "Harikrishnan.A.Ra"]
[Result "0-1"]
[WhiteElo "2348"]
[BlackElo "2422"]
[Annotator "TA"]
[PlyCount "62"]
[EventDate "2019.09.01"]
[EventCountry "ESP"]
[SourceTitle "playchess.com"]
[Source "ChessBase"]
[SourceQuality "1"]

{[%evp 18,62,41,29,34,-13,22,25,43,25,44,34,28,16,122,87,159,122,113,123,122,123,122,115,108,-25,-16,-11,-9,-10,9,0,0,-109,-123,-305,-305,-729,-690,-710,-704,-749,-736,-1020,-499,-467,-466]} 1. e4 Nc6 2. Nf3 e5 3. Bb5 a6 4. Ba4 Nf6 5. d3 d6 6. O-O g6 7. c3 Bg7 8. Re1 O-O 9. Nbd2 Bd7 10. Nf1 Nh5 {C77: Ruy Lopez: 3...a6 4 Ba4 Nf6, unusual lines} (10... Ne7 11. d4 Bxa4 12. Qxa4 Qd7 13. Qc2 Nc6 14. Ng3 h6 15. h3 Rae8 16. Be3 Kh7 17. Rad1 Qc8 18. c4 {1-0 (57) Le,Q (2715)-Venkatesh,M (2517) Sharjah 2019}) 11. b4 $146 ({Predecessor:} 11. h3 Qe8 12. Bb3 Kh8 13. Ne3 f5 14. Nd5 Rc8 15. d4 f4 16. Bc2 g5 17. dxe5 Nxe5 18. Nd4 {0-1 (66) Sevian,S (2484)-Naroditsky,D (2601) Saint Louis 2014}) 11... Qe8 (11... b5 $5 {[%cal Rb5a4]} 12. Bc2 a5 $11) 12. Bb3 Kh8 {White has an edge.} 13. Ne3 Ne7 14. d4 f5 15. dxe5 fxe4 (15... dxe5 $11 {remains equal.} 16. Qc2 fxe4) 16. exd6 $16 exf3 ({Black should play} 16... cxd6 17. Ng5 Bxc3 {[%mdl 64] Double Attack}) 17. Nd5 cxd6 18. Rxe7 Qd8 {[#]} 19. Be3 $1 {[%cal Re3b6]} ({Reject} 19. gxf3 $6 Bc6 $11) 19... Bc6 20. Bb6 Qc8 21. Ne3 (21. Bd4 $16 Qg4 22. Bxg7+ Nxg7 23. g3) 21... Nf4 $11 22. Rxg7 (22. gxf3 $2 Bxf3 23. Bd4 Ne2+ 24. Qxe2 Bxd4 $19) 22... Kxg7 23. Qxd6 {And now Qe7+ would win.} h5 {[%cal Rf3g2]} ({Not} 23... fxg2 $2 24. Qe7+ Kh6 25. Qh4+ Nh5 26. Ng4+ Qxg4 27. Qxg4 $18) 24. Qe7+ Kh6 {[%cal Rf3g2]} 25. h4 (25. Bd4 $1 $11 {keeps the balance.} Ne2+ 26. Kf1 Nxd4 27. g4 Bb5+ {[%mdl 64] Discovered Attack} 28. Kg1 hxg4 29. Qh4+ {[%mdl 64] Double Attack} Kg7 30. Qe7+ Kh6 31. Qh4+ {[%mdl 64] Double Attack} Kg7 32. Qe7+ Kh6) 25... Qe8 $40 {[%mdl 128] Black goes for the king.} ({Don't play} 25... fxg2 $6 26. Qg5+ Kh7 27. Qe7+ Kh6 28. Qg5+ Kh7 29. Qe7+ Kh6 $11) 26. Qg5+ $2 (26. Qxe8 $17 Raxe8 27. g3 Ne2+ 28. Kh2) 26... Kh7 $19 {Hoping for ...fxg2.} 27. Bc2 $2 (27. Kh2 fxg2 28. Rd1) 27... fxg2 {Black is clearly winning.} 28. Kh2 Qe6 {( -> ...Qh3+)} 29. Qg3 Ne2 {[%mdl 64] [#] Double Attack} 30. Bb3 Nxg3 (30... Qe7 $142 31. Bg8+ Rxg8) 31. Bxe6 Ne2 {Accuracy: White = 41%, Black = 46%.} 0-1

[Event "XII Sabadell Open 2019"]
[Site "Sabadell"]
[Date "2019.09.03"]
[Round "2.6"]
[White "Gonzalez Rodriguez, Jorge A."]
[Black "Sanchez, Sebastian Felipe"]
[Result "0-1"]
[WhiteElo "2263"]
[BlackElo "2413"]
[Annotator "TA"]
[PlyCount "96"]
[EventDate "2019.09.01"]
[EventCountry "ESP"]
[SourceTitle "playchess.com"]
[Source "ChessBase"]
[SourceQuality "1"]

{[%evp 12,96,18,-34,-27,-19,-28,-24,-30,-32,-29,-31,0,-34,-29,-29,-29,-29,-29,-32,-25,-29,-20,-26,-30,-46,-36,-40,-38,-52,-47,-67,-72,-66,-63,-67,-69,-71,-68,-77,-77,-83,-45,-51,-41,-44,-58,-66,-43,-46,-37,-52,-37,-29,-23,-45,-29,-41,-16,-52,-39,-33,-50,-63,-22,-11,-9,-30,0,-4,0,-100,-86,-173,-178,-166,-161,-437,-435,-29987,-29988,-29995,-29996,-29996,-29985,-29986,-29985]} 1. b3 Nf6 2. Bb2 g6 3. c4 Bg7 4. Nc3 O-O 5. g3 c5 6. Bg2 Nc6 7. Nf3 (7. e3 $11) 7... d5 $15 {A34: Symmetrical English: 2 Nc3, lines with ...d5} (7... d6 8. d4 Bg4 9. d5 Na5 10. Nd2 a6 11. O-O Bd7 12. Qc2 b5 13. Rae1 bxc4 14. bxc4 Rb8 15. Nd1 {1-0 (52) Jobava,B (2627)-Mamedov,R (2703) St Petersburg 2018}) 8. Nxd5 Nxd5 9. Bxg7 Kxg7 {Black has an edge.} 10. cxd5 Qxd5 11. O-O Bd7 12. Qc2 Rac8 13. Rfc1 $146 ({Predecessor:} 13. Qb2+ Kg8 14. Rfd1 Rfd8 15. d4 cxd4 16. Nxd4 Qa5 17. Rac1 Nxd4 18. Rxd4 Bc6 19. b4 Qb6 20. Rdc4 Bd7 {½-½ (20) Peyrat,O (2286)-Moret,V (2178) France 2003}) 13... b6 $1 14. Qb2+ f6 15. d3 Rfd8 16. a3 a5 17. Nd2 Qh5 18. Nc4 Nd4 19. Re1 Bg4 $36 {[%mdl 2048] Black fights for an advantage.} 20. f3 Be6 21. Rad1 Rb8 22. Kf2 Bd5 23. h4 Bf7 24. Nd2 Qe5 25. Rb1 $1 Qe6 26. Qc3 Rbc8 (26... b5 {feels hotter.} 27. Qc1 Qb6 28. e3 Nf5 29. Bf1 Qc7) 27. a4 Rb8 28. Nc4 Qd7 29. Red1 Qc7 {Strongly threatening ...Qxg3+!} 30. f4 Nc6 31. e3 Nb4 32. Rd2 h5 33. Rbd1 Be6 34. d4 Bg4 {Threatens to win with ...cxd4.} (34... cxd4 {is more complex.} 35. Rxd4 Rxd4 36. exd4 Bd5 37. Bxd5 Nxd5 38. Qf3 Qd7) 35. Bf3 cxd4 36. Rxd4 Rxd4 37. Rxd4 Bxf3 (37... Be6 {looks sharper.} 38. Be2 Qc6 39. Bf3 Qc5 40. Qd2 Qf5) 38. Kxf3 Qc6+ 39. e4 Qe6 40. Qd2 Na6 {Threatening ...Nc5.} 41. Qe3 {[#]} (41. f5 $11 gxf5 42. Ne3) 41... Nc5 $1 $17 42. Kg2 {[#]} (42. f5 $17 gxf5 43. exf5 Qxf5+ 44. Kg2) 42... b5 $1 $19 {[%cal Rb5c4]} 43. axb5 Rxb5 44. Rd5 $2 (44. e5) 44... Rxb3 45. Qxc5 (45. f5 $19 gxf5 46. Qf4 Nxe4 47. Qxf5 Qxf5 48. Rxf5) 45... Qxe4+ {Black mates.} 46. Kf2 Rf3+ 47. Kg2 Rxf4+ 48. Kh2 Qe2+ {Accuracy: White = 37%, Black = 76%.} 0-1

[Event "XII Sabadell Open 2019"]
[Site "Sabadell"]
[Date "2019.09.03"]
[Round "2.7"]
[White "Lever, Erwan"]
[Black "Valderrama Quiceno, Esteban Alb"]
[Result "1/2-1/2"]
[WhiteElo "2221"]
[BlackElo "2407"]
[Annotator "TA"]
[PlyCount "47"]
[EventDate "2019.09.01"]
[EventCountry "ESP"]
[SourceTitle "playchess.com"]
[Source "ChessBase"]
[SourceQuality "1"]

{[%evp 14,47,34,20,30,20,33,19,12,10,26,10,20,-10,-7,-25,0,0,0,0,0,0,0,0,0,0,29,25,29,25,23,0,22,0,24,0]} 1. d4 d5 2. c4 dxc4 3. e3 e5 4. Bxc4 exd4 5. exd4 Nf6 6. Nf3 Be7 7. O-O O-O 8. h3 Nbd7 {[%cal Bb8d7,Bd7b6,Bb6d5,Bd5b4][%mdl 32] D20: Queen's Gambit Accepted: 3 e3 and 3 e4} 9. Nc3 Nb6 10. Bd3 (10. Bb3 Nfd5 11. Ne5 Be6 12. Bc2 Re8 13. Qd3 g6 14. Re1 Nb4 15. Qd1 Nxc2 16. Qxc2 Qxd4 {1-0 (57) Wojtaszek,R (2734)-Guliyev,N (2579) Berlin 2015}) 10... c6 {The position is equal.} 11. Re1 Re8 12. Ne5 $146 ({Predecessor:} 12. Qb3 h6 13. Bf4 Nfd5 14. Nxd5 Nxd5 15. Bg3 Qb6 16. Qc2 {½-½ (25) Fabiani,J (2382)-Edighoffer,H (2433) IECG email 2002}) 12... Be6 13. Bg5 Nbd5 14. Qf3 Nb4 15. Bf5 Bxf5 16. Qxf5 Qc8 17. Qb1 h6 18. Bh4 Nfd5 19. Bg3 Qe6 20. a3 Na6 21. Nf3 Qd7 22. Ne5 Qe6 23. Nf3 Qd7 24. Ne5 {Accuracy: White = 38%, Black = 71%.} 1/2-1/2

[Event "XII Sabadell Open 2019"]
[Site "Sabadell"]
[Date "2019.09.03"]
[Round "2.8"]
[White "Umetsubo, Cesar Hidemitsu"]
[Black "Pachon, Adriana"]
[Result "1-0"]
[WhiteElo "2403"]
[BlackElo "1967"]
[Annotator "TA"]
[PlyCount "103"]
[EventDate "2019.09.01"]
[EventCountry "ESP"]
[SourceTitle "playchess.com"]
[Source "ChessBase"]
[SourceQuality "1"]

{[%evp 9,103,62,71,73,75,75,77,78,75,72,79,79,75,68,72,76,74,40,74,71,80,50,42,61,85,68,83,58,58,59,70,51,52,74,71,67,87,60,67,58,154,30,32,39,47,33,64,14,127,134,136,124,236,218,278,263,243,262,271,256,246,204,198,196,206,204,221,245,286,259,395,395,358,350,359,251,392,392,390,391,358,345,538,501,514,505,1785,1735,5285,4910,29973,29974,29974,29973,29981,29982]} 1. e4 b6 2. d4 Bb7 3. Bd3 Nf6 4. Qe2 Nc6 5. c3 e5 6. Nf3 {B00: Queen's Fianchetto Defence, Nimzowitsch Defence} (6. d5 Ne7 7. f4 exf4 8. c4 d6 9. Bxf4 Ng6 10. Bg3 Be7 11. Nc3 O-O 12. Nh3 Nd7 13. O-O Bf6 {0-1 (39) Burke,J (2588)-Ivanov,A (2515) Bethesda 2015}) 6... d6 7. O-O Be7 8. d5 {Strongly threatening Bb5.White is better.} Nb8 {[%cal Bc6b8,Bb8a6,Ba6c5][%mdl 32]} 9. c4 O-O 10. Nc3 a5 11. b3 $146 ({Predecessor:} 11. Be3 Na6 12. a3 c5 13. h3 g6 {1-0 (58) Videnova,I (2336)-Franic,M (2414) Zadar 2012}) 11... Na6 12. a3 c6 13. Be3 Ng4 14. Bd2 cxd5 15. Nxd5 Nc5 16. Bc2 Ne6 17. b4 Nf6 18. Be3 Nxd5 19. exd5 Nf4 20. Bxf4 exf4 21. Qe4 $40 {[%csl Gc2][%cal Re4h7][%mdl 128] White attacks with force.} g6 22. Qxf4 Bf6 23. Rab1 axb4 24. axb4 b5 {[#]} (24... Bg7 $14) 25. Bb3 (25. c5 $1 $16) 25... bxc4 $11 26. Bxc4 Bg7 27. Rfd1 Qb6 28. Qe3 Qc7 (28... Qxe3 $11 {remains equal.} 29. fxe3 Bh6) 29. Bb5 $16 Ra2 30. Rdc1 Qb8 {[#]} (30... Qd8 $16) 31. Bc6 $1 $18 Bc8 32. b5 Bf5 33. Rb3 Bb2 34. Re1 Bc2 35. b6 Bxb3 36. Qxb3 Ra6 37. Qxb2 Rxb6 38. Qc1 Qd8 39. Qf4 Kg7 (39... Rb2 $142 40. g3 Qb6) 40. Qd4+ Kg8 41. h4 Rb3 42. Ng5 Qa5 (42... Qb6 {keeps fighting.} 43. Qf4 Rb1 44. Rxb1 Qxb1+ 45. Kh2 Qf5 46. Qxd6 Qxf2) 43. Re7 {Hoping for Be8.} Qb4 44. Qxb4 Rxb4 45. Be8 Rf4 (45... Kg7 $142 46. Bxf7 (46. Rxf7+ Rxf7 47. Bxf7 h6 $11) 46... Rxh4) 46. g3 Rf5 47. f4 h6 (47... Kg7 $142 48. Bc6 Rb8) 48. Nxf7 R5xf7 49. Bxf7+ Rxf7 50. Rxf7 {White mates.} Kxf7 51. g4 h5 52. g5 {Accuracy: White = 73%, Black = 50%.} 1-0